| 000 | 01207nam a2200265 4500 | ||
|---|---|---|---|
| 001 | 6114 | ||
| 010 | _a9727472206 | ||
| 021 | _b90690/95 | ||
| 090 | _a6114 | ||
| 100 | _a20260122d1995 mdcy0pory5003 ba | ||
| 200 | 1 |
_aOs Vales Férteis _fdir. J. Carlos Nobre, Augusto Soveral _gcoord. Moura Pimenta |
|
| 210 |
_aLisboa _cEditores Reunidos _d1995 |
||
| 215 |
_a28 [1] p. _cil. _d27 cm |
||
| 225 | 2 |
_aEra uma vez o homem _v4 |
|
| 330 | _aO clima da Terra estabilizou quase definitivamente. Nos grandes " vales férteis das zonas temperadas, o homem descobre a agricultura: agora pode abandonar a vida nómada e instalar-se nos locais em que a terra pode proporcionar-lhe o necessário à sua subsitência. Ao longo do majestoso Nilo, um povo inteligente e trabalhador dá inicio a uma das primeiras civlizações da história e constrói monumentos que ainda hoje desafiam o tempo. | ||
| 606 |
_93813 _aHistória Universal |
||
| 606 |
_9804 _aPublicação para jovens |
||
| 675 |
_a087.5 _vBN _zpor |
||
| 675 |
_a93/94 _vBN _zpor |
||
| 700 |
_aNobre _bJ. Carlos _95708 |
||
| 701 |
_aSoveral _bAugusto _95709 |
||
| 702 |
_aPimenta _bMoura _95710 |
||
| 801 | 0 |
_aPT _bBMVN _gRPC |
|
| 830 |
_cAna Caetano _d22/01/2026 |
||
| 990 | _cLIVROS | ||